Les Meilleurs buteurs de la Premier League 2016-2017 - Statistiques

Statistiques générales
  • Ce quiz a été pris 98 fois
  • Le résultat moyen est 9 sur 12
Statistiques - réponses
Buts Nationalité Club Joueur % Correct
29 Angleterre Tottenham Hotspur Harry Kane
100%
20 Argentine Manchester City Sergio Agüero
99%
25 Belgique Everton FC Romelu Lukaku
98%
24 Chili Arsenal FC Alexis Sánchez
97%
17 Suède Manchester United Zlatan Ibrahimović
96%
16 Belgique Chelsea FC Eden Hazard
89%
20 Brésil / Espagne Chelsea FC Diego Costa
86%
15 Belgique Crystal Palace Christian Benteke
63%
18 Angleterre Tottenham Hotspur Dele Alli
46%
16 Norvège AFC Bournemouth Joshua King
37%
15 Angleterre Sunderland Jermain Defoe
36%
15 Espagne Swansea City Fernando Llorente
23%
Aucun quiz correspondant
Distribution des résultats
% des personnes avec chaque résultat
Percentile par nombre de réponses
Votre historique - résultats
Vous n’avez pas pris ce quiz